Studying collective action

Αποθηκεύτηκε σε:
Λεπτομέρειες βιβλιογραφικής εγγραφής
Άλλοι συγγραφείς: Diani, Mario, 1957- (Επιμελητής έκδοσης), Eyerman, Ron (Επιμελητής έκδοσης)
Μορφή: Βιβλίο
Γλώσσα:English
Δημοσίευση: London : Sage Publications, c1992
Σειρά:Sage modern politics series ; ; 30
Θέματα:
Ετικέτες: Προσθήκη ετικέτας
Δεν υπάρχουν, Καταχωρήστε ετικέτα πρώτοι!

MARC

LEADER 00000nam a2200000 i 4500
001 1/97476
008 991222s1992 eng d
020 |a 0-8039-8524-X 
035 |l 10056148 
040 |a GR-MY-UA  |b gre  |e aacr 
041 0 |a eng 
082 0 |a 303.484072 
245 1 0 |a Studying collective action /  |c Edited by Mario Diani and Ron Eyerman 
260 |a London :   |b Sage Publications,   |c c1992 
300 |a 263 p.  |b tabl.; fig. 
490 1 |a Sage modern politics series  |v ; 30 
504 |a Includes bibliographical references and index 
650 0 0 |a Social movements  |x Research  |x Methodology. 
700 1 |a Diani, Mario,   |d 1957-  |4 edt 
700 1 |a Eyerman, Ron.  |4 edt 
830 0 |a Sage modern politics series ;  |v ; 30 
852 |a INST  |b LESVOS  |e 19991222  |h 303.484072 STU  |p 005100022020  |q 005100022020  |t BK  |y 0 
901 |a BIBL1-2000-1 
909 |a Λ  |b 071563 
922 |a 1ΕΛΗ  |b 199912  |c ΚΠΣ/ΠΜΣ  |d ΠΑΠΑΣΩΤΗΡΙΟΥ 
950 |a 157-1999-08-24 
970 |a ΜΟΥΣΤΑΚΑ  |b ΠΗΝΕΛΟΠΗ  |z 2000/01/28